[Event "SEMI A037 email"]
[Site "SEMI email"]
[Date "2002.08.26"]
[Round "?"]
[White "Santilli, Enrico"]
[Black "Pescatore, Roberto"]
[Result "0-1"]
[WhiteElo "1800"]
[BlackElo "1800"]
[PlyCount "48"]
[EventDate "2002.08.26"]
[EventType "tourn (corr)"]
[EventRounds "5"]
[EventCountry "ITA"]
[SourceTitle "Corr 2008"]
[Source "ChessBase"]
[SourceDate "2008.06.24"]
[SourceVersion "1"]
[SourceVersionDate "2008.06.24"]
[SourceQuality "1"]

1. e4 e5 2. d4 exd4 3. Qxd4 Nc6 4. Qe3 Nf6 5. Nc3 Bb4 6. Bd2 0-0 7. 0-0-0 Re8 8. Qg3 Rxe4 9. a3 Rg4 10. Qe3 Ba5 11. f4 d5 12. Qe1 Bxc3 13. Bxc3 Rxf4 14. Qg3 Rg4 15. Qd3 Ne4 16. Be1 Qf6 17. Nf3 Be6 18. h3 Rf4 19. Be2 Re8 20. Rf1 Ne5 21. Qd4 Nxf3 22. Qxf6 Rxf6 23. Bxf3 c6 24. Bh4 Rf4 0-1

[Event "SEMI A033 email"]
[Site "SEMI email"]
[Date "2002.06.03"]
[Round "?"]
[White "Dould, John"]
[Black "Pescatore, Roberto"]
[Result "0-1"]
[WhiteElo "2007"]
[BlackElo "1800"]
[PlyCount "78"]
[EventDate "2002.06.03"]
[EventType "tourn (corr)"]
[EventRounds "6"]
[EventCountry "ITA"]
[SourceTitle "Telechess CBM 097"]
[Source "ChessBase"]
[SourceDate "2003.11.11"]
[SourceVersion "1"]
[SourceVersionDate "2003.11.11"]
[SourceQuality "1"]

1. d4 Nf6 2. c4 g6 3. Nc3 d5 4. cxd5 Nxd5 5. e4 Nxc3 6. bxc3 Bg7 7. Bc4 0-0 8. Ne2 c5 9. 0-0 Nc6 10. Be3 cxd4 11. cxd4 Bg4 12. f3 Na5 13. Bd5 Bd7 14. Rb1 a6 15. Bxb7 Ra7 16. Bd5 Bb5 17. a3 e6 18. Ba2 Bxe2 19. Qxe2 Bxd4 20. Rfd1 Bxe3+ 21. Qxe3 Rd7 22. Rxd7 Qxd7 23. Qc3 Nc6 24. Kf1 Rc8 25. Qe3 Nd4 26. Qd3 Qa4 27. Bb3 Qb5 28. Bc2 Qe5 29. Ba4 Rd8 30. Qxa6 Qxh2 31. Qd3 e5 32. Rb7 Qh1+ 33. Kf2 Ne6 34. Rd7 Rb8 35. Qd2 Rb1 36. Kg3 g5 37. Kg4 Rb2 38. Rd8+ Kg7 39. Qe3 Kf6 0-1

[Event "SEMI B028 email"]
[Site "SEMI email"]
[Date "2002.03.25"]
[Round "?"]
[White "Kelbl, Jiri"]
[Black "Pescatore, Roberto"]
[Result "1/2-1/2"]
[WhiteElo "1007"]
[BlackElo "1000"]
[PlyCount "52"]
[EventDate "2002.03.25"]
[EventType "tourn (corr)"]
[EventRounds "6"]
[EventCountry "ITA"]
[SourceTitle "Telechess CBM 097"]
[Source "ChessBase"]
[SourceDate "2003.11.11"]
[SourceVersion "1"]
[SourceVersionDate "2003.11.11"]
[SourceQuality "1"]

1. e4 e5 2. Nc3 Nf6 3. g3 d5 4. exd5 Nxd5 5. Bg2 Nxc3 6. bxc3 Bd6 7. Ne2 0-0 8. 0-0 c6 9. d3 Nd7 10. f4 Re8 11. f5 Nf6 12. Bg5 h6 13. Be3 Nd5 14. Bd2 Bc5+ 15. d4 Bb6 16. Kh1 Bc7 17. Rb1 Qf6 18. g4 b5 19. Ng3 exd4 20. Bxd5 Bxg3 21. Bxf7+ Qxf7 22. hxg3 Rd8 23. cxd4 Rxd4 24. Kh2 Qxa2 25. Qe2 Bd7 26. Bc3 Re8 1/2-1/2

[Event "SEMI B028 email"]
[Site "SEMI email"]
[Date "2002.03.25"]
[Round "?"]
[White "Pescatore, Roberto"]
[Black "Paccione, Patrizio"]
[Result "1-0"]
[WhiteElo "1000"]
[BlackElo "1000"]
[PlyCount "37"]
[EventDate "2002.03.25"]
[EventType "tourn (corr)"]
[EventRounds "6"]
[EventCountry "ITA"]
[SourceTitle "Telechess CBM 097"]
[Source "ChessBase"]
[SourceDate "2003.11.11"]
[SourceVersion "1"]
[SourceVersionDate "2003.11.11"]
[SourceQuality "1"]

1. e4 e5 2. Nf3 Nf6 3. Nxe5 d6 4. Nf3 Nxe4 5. d4 d5 6. Bd3 Bd6 7. 0-0 0-0 8. c4 Re8 9. cxd5 c6 10. dxc6 bxc6 11. Qc2 Nf6 12. Bg5 Be7 13. Bxf6 Bxf6 14. Bxh7+ Kf8 15. Be4 Bxd4 16. Nxd4 Qxd4 17. Nc3 Ba6 18. Rfe1 Nd7 19. Red1 1-0

[Event "SEMI B026 email"]
[Site "SEMI email"]
[Date "2002.01.15"]
[Round "?"]
[White "Guasti, Duccio"]
[Black "Pescatore, Roberto"]
[Result "0-1"]
[WhiteElo "1300"]
[BlackElo "1000"]
[PlyCount "30"]
[EventDate "2002.01.15"]
[EventType "tourn (corr)"]
[EventRounds "6"]
[EventCountry "ITA"]
[SourceTitle "Telechess CBM 097"]
[Source "ChessBase"]
[SourceDate "2003.11.11"]
[SourceVersion "1"]
[SourceVersionDate "2003.11.11"]
[SourceQuality "1"]

1. Nf3 Nf6 2. c4 c5 3. Nc3 d5 4. cxd5 Nxd5 5. e4 Nb4 6. Bb5+ N8c6 7. Bxc6+ Nxc6 8. 0-0 Bg4 9. h3 Bh5 10. g4 Bg6 11. Nh4 e6 12. Ng2 h5 13. Nf4 Qf6 14. Nxg6 Qxg6 15. d3 hxg4 0-1

[Event "SEMI B026 email"]
[Site "SEMI email"]
[Date "2002.01.15"]
[Round "?"]
[White "Hynd, William"]
[Black "Pescatore, Roberto"]
[Result "0-1"]
[WhiteElo "1750"]
[BlackElo "1000"]
[PlyCount "54"]
[EventDate "2002.01.15"]
[EventType "tourn (corr)"]
[EventRounds "6"]
[EventCountry "ITA"]
[SourceTitle "Telechess CBM 097"]
[Source "ChessBase"]
[SourceDate "2003.11.11"]
[SourceVersion "1"]
[SourceVersionDate "2003.11.11"]
[SourceQuality "1"]

1. e4 c6 2. d4 d5 3. Nd2 dxe4 4. Nxe4 Nd7 5. Nf3 Ngf6 6. Ng3 e6 7. Bd3 c5 8. 0-0 cxd4 9. Nxd4 Bc5 10. Nf3 0-0 11. c4 Qc7 12. Bd2 b6 13. b4 Be7 14. Re1 Bb7 15. Bc3 a5 16. bxa5 b5 17. Rc1 b4 18. Bd2 Rxa5 19. Bb1 Rd8 20. Nf5 Bc5 21. N5d4 Ng4 22. Rxe6 Bxd4 23. Qc2 Nf8 24. Re4 Bxf2+ 25. Kf1 Rxd2 26. Qxd2 Bxe4 27. Bxe4 Be3 0-1

[Event "SEMI B025 email"]
[Site "SEMI email"]
[Date "2001.12.15"]
[Round "?"]
[White "Pescatore, Roberto"]
[Black "Berk, Cem"]
[Result "1/2-1/2"]
[WhiteElo "1000"]
[BlackElo "1672"]
[PlyCount "49"]
[EventDate "2001.12.15"]
[EventType "tourn (corr)"]
[EventRounds "6"]
[EventCountry "ITA"]
[SourceTitle "Telechess CBM 097"]
[Source "ChessBase"]
[SourceDate "2003.11.11"]
[SourceVersion "1"]
[SourceVersionDate "2003.11.11"]
[SourceQuality "1"]

1. e4 e6 2. d4 d5 3. Nd2 Nf6 4. e5 Ne4 5. Bd3 Nxd2 6. Bxd2 c5 7. dxc5 Nc6 8. Nf3 Bxc5 9. 0-0 Qc7 10. Bf4 a5 11. c4 dxc4 12. Bxc4 0-0 13. Rc1 b6 14. Ng5 Rd8 15. Qc2 g6 16. Ne4 Nd4 17. Qd3 Bb7 18. Nf6+ Kg7 19. Qh3 h5 20. Rfd1 b5 21. Bf1 Qb6 22. Bg5 Nf5 23. Nd7 Bxf2+ 24. Kh1 Qa7 25. Bf6+ 1/2-1/2

[Event "SEMI B025 email"]
[Site "SEMI email"]
[Date "2001.12.15"]
[Round "?"]
[White "Pescatore, Roberto"]
[Black "Sala, Stefano"]
[Result "1-0"]
[WhiteElo "1000"]
[BlackElo "1300"]
[PlyCount "71"]
[EventDate "2001.12.15"]
[EventType "tourn (corr)"]
[EventRounds "6"]
[EventCountry "ITA"]
[SourceTitle "Telechess CBM 097"]
[Source "ChessBase"]
[SourceDate "2003.11.11"]
[SourceVersion "1"]
[SourceVersionDate "2003.11.11"]
[SourceQuality "1"]

1. e4 c5 2. Nf3 Nc6 3. d4 cxd4 4. Nxd4 Nf6 5. Nc3 e5 6. Ndb5 d6 7. Bg5 a6 8. Na3 b5 9. Bxf6 gxf6 10. Nd5 Bg7 11. Bd3 Qa5+ 12. c3 Be6 13. Nc2 0-0 14. Qf3 Rfe8 15. 0-0 Qd8 16. a4 bxa4 17. Rxa4 a5 18. b4 Rb8 19. b5 Bxd5 20. exd5 Ne7 21. Ne3 Ng6 22. Rfa1 Qc7 23. R1a3 Nf4 24. Nf5 e4 25. Rxe4 Qc5 26. Qg3 Ng6 27. Qxd6 Qxd6 28. Nxd6 Red8 29. Nf5 Rxd5 30. Rd4 Rdxb5 31. Bxb5 Rxb5 32. Ne3 Bf8 33. Ra1 Rb3 34. Rc4 Ne5 35. Rc8 Nd3 36. g3 1-0

[Event "SEMI B025 email"]
[Site "SEMI email"]
[Date "2001.12.15"]
[Round "?"]
[White "Russo, Gigi"]
[Black "Pescatore, Roberto"]
[Result "1/2-1/2"]
[WhiteElo "1000"]
[BlackElo "1000"]
[PlyCount "46"]
[EventDate "2001.12.15"]
[EventType "tourn (corr)"]
[EventRounds "6"]
[EventCountry "ITA"]
[SourceTitle "Telechess CBM 091"]
[Source "ChessBase"]
[SourceDate "2002.11.12"]
[SourceVersion "1"]
[SourceVersionDate "2002.11.12"]
[SourceQuality "1"]

1. e4 c6 2. d4 d5 3. f3 dxe4 4. fxe4 e5 5. Nf3 exd4 6. Bc4 Bc5 7. 0-0 Nf6 8. Ng5 Bg4 9. Bxf7+ Ke7 10. Qe1 d3+ 11. Kh1 h6 12. e5 hxg5 13. exf6+ Kxf7 14. fxg7+ Kxg7 15. Qe5+ Kg6 16. Qxc5 Na6 17. Qc4 Qd7 18. Nd2 Raf8 19. Rxf8 Rxf8 20. b3 dxc2 21. Qxc2+ Qf5 22. Qxf5+ Rxf5 23. Kg1 Nb4 1/2-1/2